000 00281nam a22001097a 4500
008 160511b xxu||||| |||| 00| 0 eng d
020 _a0697085899
041 _aeng
080 _a316.77
245 _aIntroduction to mass communication:
_cJay Black; Jennings Bryant;
942 _2udc
_cBK
999 _c2030
_d2030